Česko-německý vědeckotechnický slovník /

Uloženo v:
Podrobná bibliografie
Hlavní autor: Sokolowska, Malgorzata
Další autoři: Heger, J.
Médium: Kniha
Jazyk:čeština
němčina
Vydáno: Brno : Littera, 1999
Vydání:[1. vyd.]
ISBN:8085763028
On-line přístup: Získat plný text
Tagy: Přidat tag
Žádné tagy, Buďte první, kdo vytvoří štítek k tomuto záznamu!

MARC

LEADER 00000nam a2200000 4500
003 SK-BrCVT
005 20220617202526.0
008 000101s1999 xr e ||||||cze d
020 |a 8085763028 
035 |a CVTIDW0952267 
040 |b slo  |a CVTI SR 
041 0 |a cze  |a ger 
044 |a xr 
080 |a 801.316.4:62  |2 UDC-MRF 
080 |a 62(038)  |2 UDC-MRF 
100 1 |a Sokolowska, Malgorzata 
245 1 0 |a Česko-německý vědeckotechnický slovník /  |c Zprac.: Malgorzata Sokolowska a kol. ; Přel. J. Heger a kol. 
250 |a [1. vyd.] 
260 |a Brno :  |b Littera,  |c 1999 
300 |a 868 s. 
700 1 |a Heger, J. 
910 |b A571656 - A571665 
919 |a 80-85763-02-8 
974 |f Knihy 
992 |a ASL 
999 |c 112543  |d 112543